书目信息 |
| 题名: |
阿勃特声乐练习曲
|
|
| 作者: | 阿勃特 作曲 ;人民音乐出版社 编 | |
| 分册: | ||
| 出版信息: | 北京 人民音乐出版社 2007 |
|
| 页数: | 148页 | |
| 开本: | 30cm | |
| 丛书名: | ||
| 单 册: | ||
| 中图分类: | J652.31(516) , J652.31 | |
| 科图分类: | ||
| 主题词: | 练声曲--德国--近代--选集 , 练声曲 | |
| 电子资源: | ||
| ISBN: | 978-7-103-03221-3 | |
| 000 | 00953ncm0 2200253 450 | |
| 001 | 003424242 | |
| 005 | 20070806094043.93 | |
| 010 | @a978-7-103-03221-3@dCNY21.00@z7-103-03221-1 | |
| 100 | @a20070402d2007 em y0chiy0110 ea | |
| 101 | 0 | @achi |
| 102 | @aCN@b110000 | |
| 105 | @ay z 000yy | |
| 200 | 1 | @a阿勃特声乐练习曲@9a bo te sheng yue lian xi qu@e作品474@e女中、低音用@f人民音乐出版社编辑部编 |
| 210 | @a北京@c人民音乐出版社@d2007 | |
| 215 | @a148页@d30cm | |
| 330 | @a本书共分四个部分,从最基本的发声练习开始,通过合理的教学,安排进行各种演唱技巧的练习,最后进入到演唱难度较高的十二首练声曲。本书适合女中、低音声部使用。 | |
| 606 | 0 | @a练声曲@y德国@z近代@j选集 |
| 606 | 0 | @a练声曲 |
| 690 | @aJ652.31(516)@v4 | |
| 690 | @aJ652.31@v3 | |
| 701 | 0 | @c(德)@a阿勃特@9a bo te@c(Abt, Franz@f1819~1885)@4作曲 |
| 712 | 02 | @a人民音乐出版社@9ren min yin yue chu ban she@b编辑部@4编 |
| 801 | 0 | @aCN@bNLC@c20070806 |
| 905 | @a10447@dJ652.31@e425:2 | |
| 阿勃特声乐练习曲:作品474:女中、低音用/人民音乐出版社编辑部编.-北京:人民音乐出版社,2007 |
| 148页;30cm |
| ISBN 978-7-103-03221-3:CNY21.00 |
| 本书共分四个部分,从最基本的发声练习开始,通过合理的教学,安排进行各种演唱技巧的练习,最后进入到演唱难度较高的十二首练声曲。本书适合女中、低音声部使用。 |
| ● |
| 相关链接 |
|
|
|
|
正题名:阿勃特声乐练习曲
索取号:J652.31/425:2
 
预约/预借
| 序号 | 登录号 | 条形码 | 馆藏地/架位号 | 状态 | 备注 |
| 1 | 0806341 | 208063414 | 第一样本阅览室/ [索取号:J652.31/425:2] | 在馆 | |
| 2 | 0806342 | 208063423 | 第一借阅区/ [索取号:J652.31/425:2] | 在馆 | |
| 3 | 0806343 | 208063432 | 第一借阅区/ [索取号:J652.31/425:2] | 在馆 | |
| 4 | 0806344 | 208063441 | 第一借阅区/ [索取号:J652.31/425:2] | 在馆 | |
| 5 | 0806345 | 208063450 | 音乐系资料室/ [索取号:J652.31/425:2] | 在馆 |